Quan Tang shi hua xu bian : 2 juan /

Saved in:
Bibliographic Details
Main Author: Sun, Tao.
Format: Book
Language:Chinese
Published: Shanghai : Wen ming shu ju, Min guo 5 [1916]
Series:Qing shi hua ; 12.
Tags: Add Tag
No Tags, Be the first to tag this record!
LEADER 00838cam a2200253ui 4500
001 007714836-3
005 20024617112705.0
008 980220s1916 cc 000 0 chi d
035 0 |a ocm38481462 
040 |a *YNH*  |c *YNH*  |d CStRLIN 
100 1 |6 880-01  |a Sun, Tao. 
245 1 0 |6 880-02  |a Quan Tang shi hua xu bian :  |b 2 juan /  |c Sun Tao ji. 
260 |6 880-03  |a Shanghai :  |b Wen ming shu ju,  |c Min guo 5 [1916] 
300 |a 1 v. ;  |c 21 cm. 
490 1 |6 880-04  |a Qing shi hua ;  |v 12 
500 |a Double leaves, oriental style, in case. 
880 1 |6 100-01  |a 孫濤. 
880 1 0 |6 245-02  |a 全唐詩話續編 :  |b 2卷 /  |c 孫濤輯. 
880 |6 260-03  |a 上海 :  |b 文明書局,  |c 民國5 [1916] 
880 1 |6 490-04  |a 清詩話 ;  |v 12 
830 0 |6 880-54  |a Qing shi hua ;  |v 12. 
880 0 |6 830-54  |a 清詩話 ;  |v 12. 
988 |a 20021121 
906 |0 MH